Effect of neem extract, garlic acid and diflubenzuron on jaws morphology of some terrestrial molluscs (Record no. 59383)

MARC details
000 -LEADER
fixed length control field 01867cab a2200277Ia 45 0
001 - CONTROL NUMBER
control field u209915
003 - CONTROL NUMBER IDENTIFIER
control field SIRSI
008 - FIXED-LENGTH DATA ELEMENTS--GENERAL INFORMATION
fixed length control field 120216s2002 ua ss b eng d
040 ## - CATALOGING SOURCE
Original cataloging agency EAL
041 ## - LANGUAGE CODE
Language code of text/sound track or separate title eng
Language code of summary or abstract ara
090 ## - LOCALLY ASSIGNED LC-TYPE CALL NUMBER (OCLC); LOCAL CALL NUMBER (RLIN)
Classification number (OCLC) (R) ; Classification number, CALL (RLIN) (NR) ART EJAR V80 No1 12
100 1# - MAIN ENTRY--PERSONAL NAME
Personal name Fouad, Maha M.
240 10 - UNIFORM TITLE
Uniform title Egyptian journal of agricultural research, 2002 v 80 (1)
Medium [electronic resource].
245 10 - TITLE STATEMENT
Title Effect of neem extract, garlic acid and diflubenzuron on jaws morphology of some terrestrial molluscs
Medium [electronic resource].
246 15 - VARYING FORM OF TITLE
Title proper/short title تأثير مستخلص النيم وحامض الجارليك والدايفلوبنزيرون على مورفولوجيا الفك فى بعض الرخويات الأرضية.
300 ## - PHYSICAL DESCRIPTION
Extent p.155-167.
504 ## - BIBLIOGRAPHY, ETC. NOTE
Bibliography, etc. note Includes references.
520 ## - SUMMARY, ETC.
Summary, etc. The present study aimed to elucidate the differences in the morphological characteristics of jaw between two land snails, i.e. Eobania vermiculata (Muller), Theba pisana (Muller) and one land slug, i.e. Limax flavus Linnaeus at different ages (juveniles of 2 months old, adults of 9- 1o and 20-24 months old) under laboratory conditions. Also, the teratogenic effects of two plant extracts (neem and garlic) and one insect growth regulator (igr), diflubenzuron on jaw of these terrestrial molluscs were investigated . Results indicate that, the morphological features of the jaw were differed considerably according to the terrestrial molluscs species their ages and used either of the two plant extracts or insects growth regulator.
546 ## - LANGUAGE NOTE
Language note Summary in Arabic.
596 ## -
-- 1
650 #0 - SUBJECT ADDED ENTRY--TOPICAL TERM
Topical term or geographic name entry element Mollusks
General subdivision Anatomy.
650 #0 - SUBJECT ADDED ENTRY--TOPICAL TERM
Topical term or geographic name entry element Mollusks
General subdivision Biological control.
650 #0 - SUBJECT ADDED ENTRY--TOPICAL TERM
Topical term or geographic name entry element Snails
General subdivision Biological control.
773 0# - HOST ITEM ENTRY
Title Egyptian Journal of Agricultural Research.
Related parts 2002.v.80(1)
International Standard Serial Number 1110-6336
Control subfield nnas
Record control number u158585
856 40 - ELECTRONIC LOCATION AND ACCESS
Uniform Resource Identifier <a href="http://nile.enal.sci.eg/EALE/2002/EJAR/8002/1/155.pdf">http://nile.enal.sci.eg/EALE/2002/EJAR/8002/1/155.pdf</a>
Public note Full Text Article
942 ## - ADDED ENTRY ELEMENTS (KOHA)
Koha item type Articles
Source of classification or shelving scheme Library of Congress Classification

No items available.


Home | About ENAL | Collections | Services | Activities | Calendar | Contact us

7 Nadi El Sayed St., Giza, Egypt | Phone:02-33351121 +02-33351313 | 
| Email: enalegypt@gmail.com